Personaggi di fantasia - A - - Statistics

Statistiche generali
  • Questo quiz è stato fatto 4.286 volte
  • Il punteggio medio è 12 su 20
Statistiche sulle risposte
con Immagini Risposta % Corretto
Aladdin
99%
Ariel
95%
Alvin
92%
Alice
89%
Asterix
89%
Albus Silente
83%
Anna
83%
Aquaman
76%
Ash Ketchum
72%
Aurora
58%
Anakin Skywalker
57%
Archimede Pitagorico
52%
Ace Ventura
47%
Aragorn
44%
Apu Nahasapeemapetilon
41%
Apollo
33%
Aslan
28%
Austin Powers
24%
Adso da Melk
9%
Atticus Finch
6%
Nessun quiz corrispondente trovato
Distribuzione punteggi
Percentuale di utenti per punteggio
Percentile per numero di risposta
I tuoi punteggi nel tempo
Non hai fatto questo quiz